La escena moderna : manifiestos y textos sobre teatro de la época de vanguardias /
Uloženo v:
| Hlavní autor: | |
|---|---|
| Médium: | Kniha |
| Jazyk: | španělština |
| Vydáno: |
Madrid, España :
Akal,
1999, c1999
|
| Edice: | (Akal Fuentes de Arte ;
15) |
| Témata: | |
| Tagy: |
Žádné tagy, Buďte první, kdo vytvoří štítek k tomuto záznamu!
|
MARC
| LEADER | 00000nam^a2200000^a^4500 | ||
|---|---|---|---|
| 001 | 000399597 | ||
| 005 | 20250521000000.0 | ||
| 009 | 20260310121555.981 | ||
| 020 | |a 84-460-1021-6 | ||
| 037 | |a Acervo ITESO - Biblioteca | ||
| 041 | |a ESP | ||
| 082 | |a 792. 0223 |b SAN | ||
| 100 | |a Sánchez Martínez, José Antonio |e (edición) | ||
| 245 | 1 | 3 | |a La escena moderna : |b manifiestos y textos sobre teatro de la época de vanguardias / |c Ed. de J.A. Sánchez Martínez. |
| 264 | 4 | |a Madrid, España : |b Akal, |c 1999, c1999 | |
| 300 | |a 487 p. | ||
| 336 | |a texto |b txt |2 rdacontenido | ||
| 337 | |a sin mediación |b n |2 rdamedio | ||
| 338 | |a volumen |b nc |2 rdasoporte | ||
| 440 | 1 | |a (Akal Fuentes de Arte ; |v 15) | |
| 521 | |a FIL 2017 EEnlace Centro de Promoción Cultural | ||
| 649 | |a XX | ||
| 650 | |a Teatro de Vanguardia - |z Alemania - |x Historia y Crítica | ||
| 650 | |a Teatro de Vanguardia - |z España - |x Historia y Crítica | ||
| 650 | |a Teatro de Vanguardia - |z Rusia - |x Historia y Crítica | ||
| 650 | |a Teatro de Vanguardia - |z Europa - |x Historia y Crítica | ||
| 650 | |a Teatro de Vanguardia - |x Historia y Crítica - |x Tema Principal | ||
| 650 | |a Teatro de Vanguardia - |x Teoría - |x Tema Principal | ||
| 650 | |a Teatro Alemán - |x Historia y Crítica | ||
| 650 | |a Teatro Español - |x Historia y Crítica | ||
| 650 | |a Teatro Ruso - |x Historia y Crítica | ||
| 650 | |a Teatro Europeo - |x Historia y Crítica | ||
| 650 | |a Teatro - |x Historia y Crítica | ||
| 650 | |a Teatro - |x Teoría - |x Tema Principal | ||
| 650 | |a Artes Escénicas - |z Alemania - |x Historia y Crítica | ||
| 650 | |a Artes Escénicas - |z España - |x Historia y Crítica | ||
| 650 | |a Artes Escénicas - |z Rusia - |x Historia y Crítica | ||
| 650 | |a Artes Escénicas - |z Europa - |x Historia y Crítica | ||
| 650 | |a Artes Escénicas - |x Historia - |y Siglo XX | ||
| 650 | |a Arte Moderno - |z Alemania - |x Historia y Crítica | ||
| 650 | |a Arte Moderno - |z España - |x Historia y Crítica | ||
| 650 | |a Arte Moderno - |z Rusia - |x Historia y Crítica | ||
| 650 | |a Arte Moderno - |z Europa - |x Historia y Crítica | ||
| 910 | |a Fondo General | ||
| 920 | |a Impresos - Libros | ||
| 930 | |a Colección General | ||
| 905 | |a 101 | ||
| 901 | |a 0500294524 |b IT1 |c ACC |i c158260 |u 20250521 | ||
| 902 | |a https://opac.biblio.iteso.mx/vufind/Record/000399597 | ||